[Event "Online Olym Div2 D 2020"]
[Site "chess.com INT"]
[Date "2020.08.16"]
[Round "8.1"]
[Board "6"]
[White "Cvitan, Ena"]
[Black "Kvendseth, Thyra"]
[Result "1/2-1/2"]
[WhiteTitle "FM"]
[WhiteElo "2242"]
[BlackElo "2017"]
[WhiteTeam "Croatia"]
[BlackTeam "Norway"]
[WhiteFideId "14534215"]
[BlackFideId "1520628"]
[EventDate "2020.08.14"]
[EventType "team"]

1. d4 Nf6 2. c4 g6 3. Nc3 Bg7 4. e4 d6 5. h3 O-O 6. Be3 c6 7. Nge2 a6 8. g4 b5
9. cxb5 axb5 10. a3 Qa5 11. b4 Qd8 12. Bg2 Bb7 13. O-O Nbd7 14. d5 Ne5 15. Nd4
Qd7 16. g5 Nh5 17. Ra2 Nc4 18. Bc1 Rac8 19. a4 Bxd4 20. Qxd4 c5 21. Qd1 bxa4 22.
bxc5 Rxc5 23. Nxa4 Ra5 24. Qb3 Qb5 25. Qxb5 Rxb5 26. Bf3 Ne5 27. Be2 Rb4 28. Nc3
Rc8 29. Bd2 Rb3 30. Rc1 Nf4 31. Bxf4 Rcxc3 32. Rxc3 Rxc3 33. Rb2 Rc7 34. Be3 Kg7
35. Bd4 f6 36. f4 Nd7 37. Kf2 Nc5 38. Rb6 Nxe4+ 39. Ke3 Ng3 40. gxf6+ exf6 41.
Bd3 Rd7 42. Kf2 Nh5 43. Bb5 Rf7 44. Rxd6 Nxf4 45. Bc6 Bc8 46. Rd8 Nxh3+ 47. Kg3
Bf5 48. d6 Ng5 49. Re8 h5 50. Bd5 Rd7 51. Rg8+ Kh7 52. Bxf6 Kh6 53. Rh8+ Nh7 54.
Bg8 g5 55. Bxh7 Bxh7 56. Be7 Kg7 57. Rd8 Bf5 58. Bxg5 Rxd8 59. Bxd8 Bd7 60. Kf4
Kf7 1/2-1/2

[Event "Online Olym Div2 D 2020"]
[Site "chess.com INT"]
[Date "2020.08.16"]
[Round "8.2"]
[Board "1"]
[White "Hjartarson, Johann"]
[Black "Delaney, Killian"]
[Result "0-1"]
[WhiteTitle "GM"]
[BlackTitle "FM"]
[WhiteElo "2525"]
[BlackElo "2314"]
[WhiteTeam "Iceland"]
[BlackTeam "Ireland"]
[WhiteFideId "2300044"]
[BlackFideId "2501570"]
[EventDate "2020.08.14"]
[EventType "team"]

1. d4 d5 2. c4 Nc6 3. Nc3 Nf6 4. Nf3 dxc4 5. e4 Bg4 6. Be3 e6 7. Bxc4 Bb4 8. O-O
Bxc3 9. bxc3 Nxe4 10. Rc1 O-O 11. Bd3 Nd6 12. h3 Bh5 13. Re1 Bg6 14. Bg5 f6 15.
Bf4 Bxd3 16. Qxd3 Qd7 17. Re2 Rae8 18. Rce1 Na5 19. Nd2 b5 20. Nb3 Nxb3 21. axb3
Nf5 22. g4 Nh4 23. Qg3 g5 24. Bxc7 e5 25. Ba5 exd4 26. cxd4 Rxe2 27. Rxe2 Qxd4
28. Kh2 Qd5 29. Re3 f5 30. gxf5 Qxf5 31. Kg1 Nf3+ 32. Kg2 Nh4+ 33. Kg1 Rc8 34.
Bc3 h6 35. Qd6 Rf8 36. Be1 Nf3+ 37. Rxf3 Qxf3 38. Qg6+ Kh8 39. Qxh6+ Kg8 40.
Qxg5+ Kh7 41. Qh4+ Kg6 42. Bb4 Rf5 43. Qd4 Rd5 44. Qg4+ Rg5 0-1

[Event "Online Olym Div2 D 2020"]
[Site "chess.com INT"]
[Date "2020.08.16"]
[Round "8.2"]
[Board "2"]
[White "Jessel, Stephen"]
[Black "Kjartansson, Gudmundur"]
[Result "0-1"]
[WhiteTitle "FM"]
[BlackTitle "IM"]
[WhiteElo "2297"]
[BlackElo "2466"]
[WhiteTeam "Ireland"]
[BlackTeam "Iceland"]
[WhiteFideId "628859"]
[BlackFideId "2301318"]
[EventDate "2020.08.14"]
[EventType "team"]

1. Nf3 Nf6 2. c4 e6 3. g3 d5 4. Bg2 dxc4 5. Qc2 Nbd7 6. Na3 Bxa3 7. bxa3 O-O 8.
Bb2 c5 9. O-O Qc7 10. Qxc4 b5 11. Qc2 Bb7 12. Rfc1 Rfc8 13. a4 b4 14. a3 a5 15.
axb4 axb4 16. d3 Ne8 17. Qd2 Qb6 18. Qf4 Bc6 19. Ng5 Ndf6 20. a5 Rxa5 21. Rxa5
Qxa5 22. Bxc6 Rxc6 23. Bxf6 gxf6 24. Qb8 Kf8 25. Nxh7+ Ke7 26. Kg2 Qb6 27. Qa8
Rc7 28. Kh3 b3 29. Rb1 Ra7 30. Qf3 b2 31. d4 Ra1 32. dxc5 Qb4 33. Qd3 Rxb1 34.
Qxb1 Qxc5 35. Qxb2 Qh5+ 36. Kg2 Qxh7 37. h4 Qe4+ 38. f3 Qd5 39. Qb4+ Nd6 40. g4
Kf8 41. Qe1 Kg7 42. Qc1 Nc4 43. h5 Qd4 44. Kg3 Qe5+ 45. Kh3 Qxe2 46. Qf4 Ne3 47.
Qg3 Nf1 48. Qf4 Qe3 49. Qxe3 Nxe3 50. Kg3 Nd5 51. f4 Kh6 52. Kf3 f5 53. gxf5
exf5 54. Kg3 Kxh5 55. Kh2 Kg4 56. Kg1 Nxf4 57. Kf2 Nh3+ 58. Kg2 f4 59. Kh2 f3
60. Kh1 Nf4 61. Kh2 Nd3 62. Kg1 Kg3 63. Kh1 Nf4 64. Kg1 f2+ 65. Kf1 Ne6 0-1

[Event "Online Olym Div2 D 2020"]
[Site "chess.com INT"]
[Date "2020.08.16"]
[Round "8.2"]
[Board "3"]
[White "Ptacnikova, Lenka"]
[Black "Kanyamarala, Trisha"]
[Result "0-1"]
[WhiteTitle "WGM"]
[BlackTitle "WIM"]
[WhiteElo "2117"]
[BlackElo "2193"]
[WhiteTeam "Iceland"]
[BlackTeam "Ireland"]
[WhiteFideId "305650"]
[BlackFideId "45004722"]
[EventDate "2020.08.14"]
[EventType "team"]

1. c4 e6 2. Nf3 d5 3. e3 Nf6 4. Be2 c5 5. cxd5 exd5 6. d4 Nc6 7. O-O Be6 8. b3
cxd4 9. Nxd4 Nxd4 10. Qxd4 a6 11. Bb2 Bd6 12. Nd2 O-O 13. Nf3 h6 14. Ne5 Rc8 15.
Rfc1 Qe7 16. Nd3 Ba3 17. h3 Bxb2 18. Qxb2 Bf5 19. Rxc8 Rxc8 20. Rc1 Re8 21. Qd4
Be4 22. Bf1 Qd6 23. Qc5 Qe6 24. Nf4 Qe5 25. Qc3 Qe7 26. Ne2 Bf5 27. Nd4 Bd7 28.
Qd2 Ne4 29. Qb2 Qd6 30. Rc2 Qg6 31. Kh2 Qd6+ 32. Kg1 Qg6 33. Kh1 Qf6 34. Bd3 Ng5
35. Kh2 Qd6+ 36. Kg1 Qf6 37. Ne2 Qd6 38. Nf4 Bc6 39. Qd4 Ne4 40. Bxe4 Rxe4 41.
Qd2 Qe5 42. Ne2 Qg5 43. Nd4 Qg6 44. Kh2 Qd6+ 45. Kg1 Qg6 46. Nxc6 bxc6 47. Rc5
Rh4 48. Qc2 Qg5 49. Rxc6 g6 50. Rc8+ Kg7 51. Qc3+ d4 52. exd4 Qd5 53. Qc5 Rxd4
54. Qf8+ Kf6 55. Qh8+ Kg5 56. h4+ Kh5 57. Qf8 Rd1+ 58. Kh2 Qe5+ 59. g3 Qe4 60.
Rc5+ f5 61. Qb8 Rh1# 0-1

[Event "Online Olym Div2 D 2020"]
[Site "chess.com INT"]
[Date "2020.08.16"]
[Round "8.2"]
[Board "4"]
[White "Miller, Ioana"]
[Black "Thorsteinsdottir, Hallgerdur"]
[Result "1-0"]
[WhiteTitle "WFM"]
[BlackTitle "WFM"]
[WhiteElo "2185"]
[BlackElo "2009"]
[WhiteTeam "Ireland"]
[BlackTeam "Iceland"]
[WhiteFideId "1202260"]
[BlackFideId "2302454"]
[EventDate "2020.08.14"]
[EventType "team"]

1. e4 c6 2. Nc3 d5 3. Nf3 Bg4 4. h3 Bxf3 5. Qxf3 dxe4 6. Nxe4 e6 7. g4 Be7 8.
Bg2 Nf6 9. O-O Nbd7 10. Ng3 Ne5 11. Qe2 Ng6 12. f4 Qc7 13. d4 O-O-O 14. Qf2 Bd6
15. Ne2 h5 16. f5 exf5 17. Qxf5+ Kb8 18. g5 Nh4 19. Qf2 Nxg2 20. gxf6 gxf6 21.
Kxg2 Rhg8+ 22. Kh1 c5 23. d5 Qd7 24. Qf3 Bg3 25. Bf4+ Bxf4 26. Nxf4 h4 27. Rg1
Qf5 28. Qe3 Qxc2 29. Rxg8 Rxg8 30. d6 Qxb2 31. Re1 Rd8 32. Qe7 Qb6 33. Nd5 Qa5
34. Qc7+ Qxc7 35. dxc7+ Kc8 36. cxd8=Q+ Kxd8 37. Nxf6 1-0

[Event "Online Olym Div2 D 2020"]
[Site "chess.com INT"]
[Date "2020.08.16"]
[Round "8.2"]
[Board "5"]
[White "Stefansson, Vignir Vatnar"]
[Black "Kanyamarala, Tarun"]
[Result "1-0"]
[WhiteTitle "FM"]
[BlackTitle "FM"]
[WhiteElo "2301"]
[BlackElo "2381"]
[WhiteTeam "Iceland"]
[BlackTeam "Ireland"]
[WhiteFideId "2308649"]
[BlackFideId "45004714"]
[EventDate "2020.08.14"]
[EventType "team"]

1. d4 d5 2. c4 c6 3. Nc3 Nf6 4. e3 e6 5. Rb1 Nbd7 6. Qc2 Bd6 7. c5 Bc7 8. f4 b6
9. b4 a5 10. b5 bxc5 11. dxc5 Nxc5 12. bxc6 Nfe4 13. Nf3 O-O 14. Ba3 Re8 15. Nb5
Bb6 16. c7 Qe7 17. Bd3 Ba6 18. Bxe4 dxe4 19. Nfd4 e5 20. Nf5 Qf6 21. Bxc5 Bxc5
22. Qxc5 Qxf5 23. O-O Bxb5 24. Rxb5 Rac8 25. fxe5 Qd7 26. Rb7 h6 27. Qd6 Qg4 28.
Rb8 Qh5 29. Rxc8 Rxc8 30. Qd8+ Rxd8 31. cxd8=Q+ 1-0

[Event "Online Olym Div2 D 2020"]
[Site "chess.com INT"]
[Date "2020.08.16"]
[Round "8.2"]
[Board "6"]
[White "Putar, Lara"]
[Black "Haile, Batel Goitom"]
[Result "0-1"]
[WhiteElo "1834"]
[BlackElo "1587"]
[WhiteTeam "Ireland"]
[BlackTeam "Iceland"]
[WhiteFideId "14546604"]
[BlackFideId "2315190"]
[EventDate "2020.08.14"]
[EventType "team"]

1. d4 Nf6 2. c4 e6 3. Nf3 d5 4. g3 b6 5. Bg2 Bb7 6. Ne5 Be7 7. Qa4+ c6 8. O-O
O-O 9. Nc3 h6 10. Bf4 Nfd7 11. Rfd1 Nxe5 12. Bxe5 Nd7 13. Bf4 Nf6 14. e4 dxe4
15. Nxe4 Nxe4 16. Bxe4 Bd6 17. Be3 Qc7 18. Rac1 a6 19. d5 exd5 20. cxd5 c5 21.
b4 b5 22. Qc2 c4 23. a3 a5 24. Rd4 axb4 25. Bh7+ Kh8 26. Rh4 Be7 27. Rh5 Qd6 28.
axb4 Ra6 29. Bf4 Qf6 30. Re1 Bd6 31. Bd2 Ra1 32. Rxa1 Qxa1+ 33. Kg2 Qd4 34. Be4
f5 35. Rxh6+ Kg8 36. Bxf5 Qxd5+ 37. Kh3 Qg2+ 38. Kh4 Be7+ 39. Kg4 Bf3+ 40. Kf4
Bd6+ 41. Rxd6 Qxf2 42. Kg5 Bb7 43. Be6+ Kh8 44. Bf4 Qxc2 45. Be5 Qh7 46. Rd7
Qh6+ 47. Kg4 Bf3# 0-1

[Event "Online Olym Div2 D 2020"]
[Site "chess.com INT"]
[Date "2020.08.16"]
[Round "8.3"]
[Board "1"]
[White "Henriquez Villagra, Cristobal"]
[Black "Cu Hor, Winston Darwin"]
[Result "1-0"]
[WhiteTitle "GM"]
[BlackTitle "FM"]
[WhiteElo "2600"]
[BlackElo "2333"]
[WhiteTeam "Chile"]
[BlackTeam "Guatemala"]
[WhiteFideId "3409350"]
[BlackFideId "7300662"]
[EventDate "2020.08.14"]
[EventType "team"]

1. e4 c5 2. Nf3 d6 3. Bb5+ Nd7 4. c3 Nf6 5. Bd3 b6 6. O-O Bb7 7. Re1 Qc7 8. Na3
Rc8 9. b3 g6 10. Bb2 Bg7 11. Rc1 O-O 12. Bb1 e5 13. d4 Rcd8 14. d5 Nh5 15. c4
Rde8 16. Nc2 Bc8 17. Ne3 Nf4 18. Kh1 Nf6 19. Ng1 Qd8 20. Qf3 h5 21. g3 Ng4 22.
Nxg4 hxg4 23. Qc3 Nh5 24. f3 Kh7 25. Rf1 Qe7 26. Rce1 Rh8 27. Kg2 Kg8 28. fxg4
Bxg4 29. h3 Bc8 30. Bc1 Rf8 31. Rf2 Bh6 32. Bxh6 Rxh6 33. Qe3 Kg7 34. Ref1 f6
35. Bd3 g5 36. Be2 Nf4+ 37. gxf4 gxf4 38. Qc3 Rfh8 39. Rf3 Kf8 40. Kf2 f5 41.
Bd3 Rg8 42. Ke1 Rhg6 43. Ne2 Rg2 44. Kd1 Rh2 45. R1f2 Rxf2 46. Rxf2 fxe4 47.
Bxe4 Bxh3 48. Qxh3 b5 49. Qc8+ Kf7 50. Qf5+ Ke8 51. Qe6 Qxe6 52. dxe6 bxc4 53.
bxc4 Ke7 54. Bd5 Rh8 55. Nc3 Rh3 56. Kd2 a6 57. Rg2 Kf6 58. Ne4+ 1-0

[Event "Online Olym Div2 D 2020"]
[Site "chess.com INT"]
[Date "2020.08.16"]
[Round "8.3"]
[Board "2"]
[White "Lorenzana, Wilson Estuardo"]
[Black "Valenzuela Fuentealba, Luis"]
[Result "1-0"]
[WhiteTitle "IM"]
[BlackTitle "IM"]
[WhiteElo "2220"]
[BlackElo "2444"]
[WhiteTeam "Guatemala"]
[BlackTeam "Chile"]
[WhiteFideId "7300239"]
[BlackFideId "3401294"]
[EventDate "2020.08.14"]
[EventType "team"]

1. e4 c5 2. Nf3 e6 3. d4 cxd4 4. Nxd4 a6 5. Bd3 Bc5 6. Nb3 Be7 7. c4 d6 8. O-O
Nf6 9. Nc3 Qc7 10. Be3 b6 11. Rc1 O-O 12. f4 Bb7 13. Qe2 Nbd7 14. Nd2 Rfe8 15.
a3 Bf8 16. Bb1 g6 17. h3 Rac8 18. b4 Qb8 19. Qf2 Ba8 20. g4 b5 21. cxb5 axb5 22.
Bd3 Bc6 23. Qe2 Qb7 24. Bxb5 Qa8 25. Bxc6 Rxc6 26. b5 Rcc8 27. a4 d5 28. e5 Ne4
29. Ncxe4 dxe4 30. Rc4 Rxc4 31. Qxc4 Rc8 32. Qxe4 Qxe4 33. Nxe4 Rc4 34. Nf6+
Nxf6 35. exf6 Rxa4 36. Rd1 Ra8 37. Rd7 Ba3 38. b6 Kf8 39. b7 Rb8 40. Ba7 1-0

[Event "Online Olym Div2 D 2020"]
[Site "chess.com INT"]
[Date "2020.08.16"]
[Round "8.3"]
[Board "3"]
[White "Morales Flores, Monserrat"]
[Black "Mencos, Claudia"]
[Result "0-1"]
[WhiteTitle "WCM"]
[BlackTitle "WIM"]
[WhiteElo "1974"]
[BlackElo "1977"]
[WhiteTeam "Chile"]
[BlackTeam "Guatemala"]
[WhiteFideId "3412016"]
[BlackFideId "7300573"]
[EventDate "2020.08.14"]
[EventType "team"]

1. e4 c5 2. Nf3 e6 3. d4 cxd4 4. Nxd4 a6 5. Be2 Qc7 6. Nc3 Nf6 7. O-O Bc5 8. Be3
d6 9. a4 Nc6 10. Qd2 Ne5 11. h3 O-O 12. f4 Ng6 13. Nf3 Nxf4 14. Nd4 Ng6 15. Kh1
Nd7 16. Rad1 Nde5 17. Nb3 Bb4 18. Bd4 Nc4 19. Qc1 Na5 20. Nd2 Nc6 21. Ndb1 Nxd4
22. Rxd4 Bc5 23. Rc4 Ne5 24. Qg5 Nxc4 25. Bxc4 Bd4 26. Bd3 Qc5 27. Qg3 Be5 28.
Qg4 Qe3 29. Rf3 Qe1+ 30. Rf1 Qg3 31. Qxg3 Bxg3 32. Ne2 Be5 33. Nbc3 Bd7 34. g4
Rfc8 35. Kg2 Rc7 36. h4 h6 37. g5 hxg5 38. hxg5 b5 39. axb5 axb5 40. Kf3 b4 41.
Nd1 Ra1 42. Nf4 Rca7 43. b3 Be8 44. Be2 Rc7 45. Nd3 Rxc2 46. Nxb4 Rc8 47. Nd3
Rb1 48. b4 Ra1 49. Ke3 Raa8 50. Bg4 Bd7 51. Bh5 g6 52. Be2 Rab8 53. Rf3 Bg7 54.
N1f2 Ba4 55. Ng4 Bc2 56. Ngf2 d5 57. e5 Rc4 58. Kd2 Bxd3 59. Nxd3 Re4 60. Nc5
Rexb4 61. Na6 Rb2+ 62. Ke1 Rc8 63. Kf2 Bxe5 64. Rh3 Rcc2 0-1

[Event "Online Olym Div2 D 2020"]
[Site "chess.com INT"]
[Date "2020.08.16"]
[Round "8.3"]
[Board "4"]
[White "Mazariegos, Silvia Carolina"]
[Black "Reyes Jara, Paula"]
[Result "1/2-1/2"]
[WhiteTitle "WIM"]
[BlackTitle "WFM"]
[WhiteElo "1933"]
[BlackElo "1871"]
[WhiteTeam "Guatemala"]
[BlackTeam "Chile"]
[WhiteFideId "7300115"]
[BlackFideId "3403920"]
[EventDate "2020.08.14"]
[EventType "team"]

1. d4 Nf6 2. e3 g6 3. Bd3 Bg7 4. Nd2 O-O 5. f4 d6 6. h3 e5 7. c3 Nd5 8. Qf3 c6
9. Ne2 exf4 10. Nxf4 Nxf4 11. Qxf4 d5 12. O-O Qe7 13. e4 dxe4 14. Nxe4 Bf5 15.
Bd2 Bxe4 16. Bxe4 Nd7 17. Rae1 Qd8 18. Qf2 Nb6 19. Bc2 a5 20. g4 a4 21. h4 Nc4
22. Bc1 Qd7 23. Qf3 b5 24. g5 b4 25. h5 bxc3 26. bxc3 Nd6 27. Kg2 Nb5 28. Re2
Qd5 29. Be4 Qc4 30. Bxc6 Nxc3 31. Bxa8 Nxe2 32. Bd5 Qc2 33. Rf2 Qxc1 34. Bxf7+
Kh8 35. Rxe2 Qxg5+ 36. Kf1 Bxd4 37. Re1 Qb5+ 38. Kg2 Qg5+ 39. Kf1 Qb5+ 40. Kg2
Qg5+ 41. Kf1 1/2-1/2

[Event "Online Olym Div2 D 2020"]
[Site "chess.com INT"]
[Date "2020.08.16"]
[Round "8.3"]
[Board "5"]
[White "Castellanos Villela, Alejandro"]
[Black "Garcia Y., Brayan Alexis"]
[Result "1-0"]
[WhiteTitle "CM"]
[WhiteElo "2202"]
[BlackElo "1847"]
[WhiteTeam "Chile"]
[BlackTeam "Guatemala"]
[WhiteFideId "3446379"]
[BlackFideId "7303041"]
[EventDate "2020.08.14"]
[EventType "team"]

1. e4 c5 2. Nf3 d6 3. d4 cxd4 4. Qxd4 Nf6 5. Be2 Bd7 6. O-O Nc6 7. Qe3 e6 8. Rd1
Be7 9. h3 O-O 10. c4 Rc8 11. Nc3 a6 12. b3 Qc7 13. Bb2 Rfd8 14. Rac1 Qb8 15. Na4
Nb4 16. Nb6 Rc6 17. a3 d5 18. axb4 Bxb4 19. Bxf6 gxf6 20. exd5 Bc5 21. dxc6 Bxe3
22. Nxd7 Qf4 23. fxe3 Qxe3+ 24. Kh1 bxc6 25. Rc2 Qxb3 26. Rcd2 Ra8 27. Nxf6+ Kg7
28. Nh5+ Kh6 29. Ne5 Ra7 30. Nf6 c5 31. Rd8 Kg5 32. Rf1 h5 33. Rg8+ Kh4 34. Nf3+
Qxf3 35. Rxf3 a5 36. Rf4# 1-0

[Event "Online Olym Div2 D 2020"]
[Site "chess.com INT"]
[Date "2020.08.16"]
[Round "8.3"]
[Board "6"]
[White "Santiago Sontay, Jenny Fernanda"]
[Black "Figueroa Bernal, Julia Dennis"]
[Result "1-0"]
[BlackTitle "WCM"]
[WhiteElo "1708"]
[BlackElo "1776"]
[WhiteTeam "Guatemala"]
[BlackTeam "Chile"]
[WhiteFideId "7303084"]
[BlackFideId "3435300"]
[EventDate "2020.08.14"]
[EventType "team"]

1. e4 e5 2. Nf3 Nc6 3. d4 exd4 4. Nxd4 Bc5 5. Be3 Qf6 6. Nb5 Bxe3 7. fxe3 Qh4+
8. g3 Qxe4 9. Nxc7+ Kd8 10. Nxa8 Qxh1 11. Qd6 Nge7 12. Nd2 Qd5 13. Qc7+ Ke8 14.
Qxc8+ Nxc8 15. Nc7+ Kd8 16. Nxd5 Re8 17. O-O-O Nb6 18. Nxb6 axb6 19. e4 Kc7 20.
Bh3 Ne5 21. Nb3 f6 22. Nd4 Re7 23. Nb5+ Kb8 24. Nd6 Kc7 25. Nf5 Rf7 26. b3 Nc6
27. c4 h5 28. a3 g6 29. Nd6 Re7 30. Nb5+ Kd8 31. Rd6 1-0

[Event "Online Olym Div2 D 2020"]
[Site "chess.com INT"]
[Date "2020.08.16"]
[Round "8.4"]
[Board "1"]
[White "Grandelius, Nils"]
[Black "Andersen, Mads"]
[Result "1-0"]
[WhiteTitle "GM"]
[BlackTitle "GM"]
[WhiteElo "2662"]
[BlackElo "2585"]
[WhiteTeam "Sweden"]
[BlackTeam "Denmark"]
[WhiteFideId "1710400"]
[BlackFideId "1413864"]
[EventDate "2020.08.14"]
[EventType "team"]

1. e4 e5 2. Nf3 Nc6 3. Bc4 Nf6 4. d3 Bc5 5. O-O a6 6. c3 d6 7. Re1 Ba7 8. Nbd2
O-O 9. Nf1 Na5 10. Bb3 Nxb3 11. axb3 Ng4 12. d4 exd4 13. Nxd4 Re8 14. Bf4 Qf6
15. Qd2 Qg6 16. Ng3 Bd7 17. Re2 Ne5 18. Kh1 f6 19. h3 Qf7 20. Qc2 d5 21. exd5
Qxd5 22. Ndf5 Bc6 23. f3 Qf7 24. Bxe5 Rxe5 25. Rxe5 fxe5 26. Re1 Re8 27. Kh2 Kh8
28. b4 g6 29. Ne3 Kg7 30. Nef1 h5 31. Kh1 Qf4 32. Ne4 h4 33. Nh2 Rd8 34. Nf1 Qf5
35. Qb1 Bb5 36. Nh2 Bd3 37. Qc1 Qf4 38. Qd1 Rd7 39. Ng4 Bb5 40. Qb3 Bc6 41. Qe6
Rd8 42. Nxe5 Bxe4 43. Qe7+ Kh6 44. Ng4+ Kh5 45. Qh7+ Kg5 46. Qe7+ Kh5 47. Qxd8
Bxf3 48. Re5+ g5 49. Qe8+ 1-0

[Event "Online Olym Div2 D 2020"]
[Site "chess.com INT"]
[Date "2020.08.16"]
[Round "8.4"]
[Board "2"]
[White "Hansen, Sune Berg"]
[Black "Carlsson, Pontus"]
[Result "1-0"]
[WhiteTitle "GM"]
[BlackTitle "GM"]
[WhiteElo "2552"]
[BlackElo "2473"]
[WhiteTeam "Denmark"]
[BlackTeam "Sweden"]
[WhiteFideId "1400266"]
[BlackFideId "1705814"]
[EventDate "2020.08.14"]
[EventType "team"]

1. d4 Nf6 2. Nf3 e6 3. Bf4 b6 4. e3 Be7 5. h3 O-O 6. Nbd2 c5 7. c3 d5 8. Ne5
Nfd7 9. Nef3 Nf6 10. Bd3 Ba6 11. Bxa6 Nxa6 12. Qe2 Qc8 13. O-O Qb7 14. a4 Nb8
15. Rfe1 Nc6 16. Rab1 Rac8 17. dxc5 bxc5 18. e4 Rfd8 19. exd5 Nxd5 20. Bg3 Nb6
21. Ra1 Nd5 22. Qb5 Qa8 23. Ne4 a6 24. Qe2 Qb7 25. Rad1 h6 26. Ne5 Nxe5 27. Bxe5
f6 28. Bg3 Bf8 29. Nd2 e5 30. Nc4 Nb6 31. Ne3 Kh8 32. a5 Na4 33. Qc2 Nxb2 34.
Rb1 Rb8 35. Re2 Qb3 36. Rxb2 Qa3 37. Ra2 Qb3 38. f4 c4 39. Rb2 Qxc2 40. Rbxc2
Bc5 41. fxe5 Rd3 42. Bf2 fxe5 43. Nxc4 Bxf2+ 44. Rxf2 Rc8 45. Nxe5 Rdxc3 46.
Rxc3 Rxc3 47. Rf4 Rc5 48. Nc4 g5 49. Re4 Kg7 50. Kf2 Kf6 51. Ke3 Kf5 52. g4+ 1-0

[Event "Online Olym Div2 D 2020"]
[Site "chess.com INT"]
[Date "2020.08.16"]
[Round "8.4"]
[Board "3"]
[White "Cramling, Pia"]
[Black "Kakulidis, Ellen"]
[Result "1-0"]
[WhiteTitle "GM"]
[BlackTitle "WCM"]
[WhiteElo "2464"]
[BlackElo "2059"]
[WhiteTeam "Sweden"]
[BlackTeam "Denmark"]
[WhiteFideId "1700030"]
[BlackFideId "1444972"]
[EventDate "2020.08.14"]
[EventType "team"]

1. d4 d5 2. c4 e6 3. Nc3 Be7 4. Nf3 Nf6 5. Qc2 O-O 6. Bg5 Nbd7 7. cxd5 Nxd5 8.
Nxd5 Bxg5 9. Nxc7 Rb8 10. Nb5 Qa5+ 11. Nc3 Bf6 12. e3 e5 13. O-O-O b5 14. Kb1
exd4 15. Nxd4 b4 16. Ne4 Bxd4 17. Rxd4 Ne5 18. Qc5 Qxc5 19. Nxc5 Bf5+ 20. e4 Bg6
21. Be2 Rfc8 22. Rc1 h6 23. f4 Nc6 24. Rd6 b3 25. axb3 Nb4 26. f5 Bh7 27. Rc4 a5
28. Nd7 Rxc4 29. Bxc4 Rd8 30. Nf6+ 1-0

[Event "Online Olym Div2 D 2020"]
[Site "chess.com INT"]
[Date "2020.08.16"]
[Round "8.4"]
[Board "4"]
[White "Stolberg-Rohr, Thomine"]
[Black "Frisk, Ellinor"]
[Result "0-1"]
[WhiteTitle "WFM"]
[BlackTitle "WIM"]
[WhiteElo "1918"]
[BlackElo "2176"]
[WhiteTeam "Denmark"]
[BlackTeam "Sweden"]
[WhiteFideId "1504258"]
[BlackFideId "1708481"]
[EventDate "2020.08.14"]
[EventType "team"]

1. e4 c5 2. Nf3 g6 3. Nc3 Bg7 4. g3 Nc6 5. Bg2 e6 6. O-O Nge7 7. d3 O-O 8. Be3
Nd4 9. Qd2 Nec6 10. Nh4 d6 11. Bh6 Bxh6 12. Qxh6 Nxc2 13. Nf3 Qf6 14. Rac1 N2d4
15. Ng5 Qg7 16. Qh4 h6 17. Nh3 Ne5 18. f4 Nxd3 19. Rb1 Nb4 20. Nf2 f5 21. g4
Nbc6 22. Rbe1 Bd7 23. Kh1 Rae8 24. Rg1 fxg4 25. Nxg4 h5 26. Ne3 Qf6 27. Qg3 Kh7
28. f5 exf5 29. exf5 Nxf5 30. Nxf5 Bxf5 31. Nd5 Qd8 32. Ref1 Ne5 33. Bh3 Bxh3
34. Qxh3 Rxf1 35. Rxf1 Rf8 36. Rg1 Qe8 37. Nc7 Qf7 38. Ne6 Qf3+ 39. Qxf3 Rxf3
40. Ng5+ Kg7 41. Nxf3 Nxf3 42. Rd1 Nd4 43. Kg2 g5 44. b4 b6 45. bxc5 dxc5 46.
Kf2 Kf6 47. Ke3 Ke5 48. Rf1 Nf5+ 49. Kd3 b5 50. Re1+ Kd5 51. Rf1 Nd6 52. Rf8 c4+
53. Kc2 g4 54. Rg8 Ne4 55. Rh8 Nf6 56. Rf8 Ke5 57. Rb8 a6 58. Re8+ Kf5 59. Kc3
h4 60. Rh8 g3 61. hxg3 hxg3 62. Rh1 Kg4 63. Kd4 g2 64. Rg1 Kf3 65. Ke5 Ng4+ 66.
Kf5 Ne3+ 67. Ke5 c3 68. Kd4 c2 69. Kd3 Kf2 0-1

[Event "Online Olym Div2 D 2020"]
[Site "chess.com INT"]
[Date "2020.08.16"]
[Round "8.4"]
[Board "5"]
[White "Seo, Jung Min"]
[Black "Bjerre, Jonas Buhl"]
[Result "1/2-1/2"]
[WhiteTitle "FM"]
[BlackTitle "GM"]
[WhiteElo "2455"]
[BlackElo "2549"]
[WhiteTeam "Sweden"]
[BlackTeam "Denmark"]
[WhiteFideId "1734687"]
[BlackFideId "1444948"]
[EventDate "2020.08.14"]
[EventType "team"]

1. c4 c5 2. Nf3 Nc6 3. Nc3 g6 4. e3 Nf6 5. d4 cxd4 6. exd4 d5 7. cxd5 Nxd5 8.
Bc4 Nb6 9. Bb5 Bg7 10. O-O O-O 11. Bxc6 bxc6 12. h3 Bf5 13. Re1 Qd6 14. Bg5 Rfe8
15. Qe2 Nd5 16. Rac1 Rab8 17. Qd2 Nxc3 18. Qxc3 Qd5 19. Qxc6 Qxa2 20. Rxe7 Rxe7
21. Bxe7 Qxb2 22. Qc3 Qxc3 23. Rxc3 Be4 24. Bc5 a5 25. Ra3 Ra8 26. Nd2 Bd5 27.
Nb1 a4 28. Nc3 Bb3 29. Ra1 Rc8 30. Rc1 Bf8 31. Nb5 Ra8 32. Kh1 Rb8 33. Na3 Bd5
34. Ra1 Rb2 35. Kg1 Kg7 36. Kf1 Bxc5 37. dxc5 Kf6 38. Nb1 Bc4+ 39. Kg1 Bb3 40.
Nc3 Rc2 41. Nxa4 Bxa4 42. Rxa4 Rxc5 43. g3 Rc6 44. Kg2 Kg7 45. h4 h5 46. Ra3 Re6
47. Rf3 Rc6 48. Re3 Rf6 49. Rd3 Re6 50. Rf3 Rc6 51. Rd3 Re6 52. Rc3 Rf6 53. Re3
Rc6 54. Re1 Rd6 55. Kg1 Rc6 56. Kg2 Rd6 57. Kg1 Rc6 58. Kg2 1/2-1/2

[Event "Online Olym Div2 D 2020"]
[Site "chess.com INT"]
[Date "2020.08.16"]
[Round "8.4"]
[Board "6"]
[White "van den Brink, Nienke"]
[Black "Zaritovskaja, Margarita"]
[Result "0-1"]
[WhiteElo "1811"]
[BlackElo "2040"]
[WhiteTeam "Denmark"]
[BlackTeam "Sweden"]
[WhiteFideId "1452568"]
[BlackFideId "14149249"]
[EventDate "2020.08.14"]
[EventType "team"]

1. e4 c5 2. Nf3 d6 3. d4 cxd4 4. Nxd4 Nf6 5. Nc3 a6 6. f3 e5 7. Nb3 Be6 8. Be3
h5 9. Qd2 Nbd7 10. O-O-O b5 11. Bd3 Qc7 12. f4 Nb6 13. f5 Nc4 14. Bxc4 Bxc4 15.
Bg5 b4 16. Bxf6 bxc3 17. Qxc3 gxf6 18. Na5 Rc8 19. Nxc4 Qxc4 20. Qxc4 Rxc4 21.
Rhe1 h4 22. Rd5 Rg8 23. Re2 Rg4 24. Ra5 Rcxe4 25. Rxe4 Rxe4 26. Rxa6 Bh6+ 27.
Kd1 Kd7 28. Ra7+ Kc6 29. Rxf7 Bg5 30. b3 Rd4+ 31. Ke1 Rd2 32. Rf8 Rxg2 33. h3
Rh2 34. Rc8+ Kb7 35. Rc4 Rxh3 36. a4 Rf3 37. Ke2 Rf4 38. Rc3 Rxf5 39. a5 Rf4 40.
Rh3 Rd4 41. c3 Rd2+ 42. Ke1 Rg2 43. b4 Rg3 44. Rh2 Rxc3 45. Rb2 h3 46. b5 Rc1+
47. Kf2 h2 48. a6+ Kb6 49. a7 Kxa7 50. Ra2+ Kb6 0-1